[Event "ARG-chT"]
[Site "Villa Martelli"]
[Date "2018.07.07"]
[Round "1.3"]
[White "Celis, Gustavo"]
[Black "Silva, Lucas"]
[Result "1-0"]
[WhiteElo "2381"]
[BlackElo "2014"]
[PlyCount "59"]
[EventDate "2018.07.07"]
[EventType "team-swiss"]
[EventRounds "9"]
[EventCountry "ARG"]
[SourceTitle "CBM 187 Extra"]
[Source "ChessBase"]
[SourceDate "2018.11.04"]
[SourceVersion "1"]
[SourceVersionDate "2018.11.04"]
[SourceQuality "1"]
[WhiteTeam "Torre Blanca"]
[BlackTeam "Tres de Febrero Ajedrez"]
[WhiteTeamCountry "ARG"]
[BlackTeamCountry "ARG"]

1. Nf3 Nf6 2. c4 e6 3. g3 d5 4. Bg2 Be7 5. 0-0 0-0 6. d4 c6 7. Nc3 b6 8. Bg5 Nbd7 9. Rc1 Bb7 10. Qc2 c5 11. cxd5 Nxd5 12. Bxe7 Qxe7 13. Nxd5 Bxd5 14. e4 Bb7 15. Rfd1 Nf6 16. e5 Nd7 17. dxc5 Nxc5 18. b4 Na6 19. a3 Rac8 20. Qd2 Rxc1 21. Rxc1 Rd8 22. Qc3 h6 23. Nd2 Rc8 24. Qxc8+ Bxc8 25. Rxc8+ Kh7 26. Be4+ g6 27. Nc4 Nc7 28. Nd6 h5 29. h4 Kg7 30. Rxc7 1-0

[Event "FMDA-chT Superior"]
[Site "Buenos Aires"]
[Date "2000.??.??"]
[Round "2"]
[White "Celis, Gustavo"]
[Black "Negri, Sergio"]
[Result "1/2-1/2"]
[WhiteElo "2385"]
[BlackElo "2341"]
[PlyCount "42"]
[EventDate "2000.12.02"]
[EventType "team"]
[EventRounds "7"]
[EventCountry "ARG"]
[SourceTitle "EXT 2002"]
[Source "ChessBase"]
[SourceDate "2001.11.25"]
[SourceVersion "1"]
[SourceVersionDate "2001.11.25"]
[SourceQuality "1"]

1. d4 d5 2. c4 dxc4 3. Nf3 Nf6 4. e3 e6 5. Bxc4 a6 6. 0-0 c5 7. dxc5 Qxd1 8. Rxd1 Bxc5 9. Nbd2 Nc6 10. b3 b5 11. Be2 Bb7 12. Bb2 Rd8 13. Rac1 Ba7 14. a4 bxa4 15. bxa4 Nb4 16. Rc7 Rb8 17. Bxf6 gxf6 18. Ne4 Bxe4 19. Rxa7 Bb7 20. Rb1 Be4 21. Rd1 Bb7 1/2-1/2

[Event "Santiago magistral 3rd"]
[Site "Santiago de Chile"]
[Date "1996.??.??"]
[Round "?"]
[White "Baker, Enrique"]
[Black "Celis, Gustavo"]
[Result "0-1"]
[WhiteElo "2195"]
[BlackElo "2410"]
[PlyCount "62"]
[EventDate "1996.??.??"]
[EventType "tourn"]
[EventRounds "14"]
[EventCountry "CHI"]
[EventCategory "4"]
[SourceTitle "EXT 2001"]
[Source "ChessBase"]
[SourceDate "2000.11.22"]
[SourceVersion "1"]
[SourceVersionDate "2000.11.22"]
[SourceQuality "1"]

1. d4 Nf6 2. Nf3 g6 3. g3 Bg7 4. Bg2 0-0 5. 0-0 d6 6. c4 Nbd7 7. Nc3 e5 8. e4 exd4 9. Nxd4 Re8 10. Re1 Nc5 11. Rb1 a5 12. f3 Nfd7 13. f4 c6 14. Nde2 Nf6 15. Qc2 Nfxe4 16. Nxe4 Nxe4 17. Bxe4 Rxe4 18. Qxe4 Bf5 19. Qf3 Bxb1 20. Nc3 Bf5 21. g4 Qh4 22. Qg3 Qxg4 23. Qxg4 Bxg4 24. Re7 Be6 25. Ne4 Bxc4 26. Nxd6 Bf8 27. Re8 Rxe8 28. Nxe8 Bc5+ 29. Kg2 Bxa2 30. Bd2 Bd5+ 31. Kg3 Bd4 0-1

[Event "Villa Ballester Siembra op"]
[Site "Villa Ballester"]
[Date "1996.??.??"]
[Round "4"]
[White "Celis, Gustavo"]
[Black "Escandell Mari, Juan Carlos"]
[Result "1/2-1/2"]
[WhiteElo "2410"]
[BlackElo "2255"]
[PlyCount "66"]
[EventDate "1996.??.??"]
[EventType "swiss"]
[EventRounds "9"]
[EventCountry "ARG"]
[SourceTitle "CBM 051 Extra"]
[Source "ChessBase"]
[SourceDate "1996.05.01"]
[SourceVersion "1"]
[SourceVersionDate "1996.05.01"]
[SourceQuality "1"]

1. e4 e5 2. Nf3 Nc6 3. Bb5 a6 4. Ba4 Nf6 5. 0-0 b5 6. Bb3 Bb7 7. Re1 Bc5 8. c3 d6 9. d4 Bb6 10. Be3 0-0 11. Nbd2 h6 12. h3 Re8 13. Qb1 Qd7 14. a3 Na5 15. Bc2 Nc4 16. Nxc4 bxc4 17. dxe5 dxe5 18. Qa2 Nxe4 19. Bxb6 Nd2 20. Nxd2 Qxd2 21. b4 Qg5 22. Be4 Bxe4 23. Rxe4 cxb6 24. Qxc4 Qf6 25. Rae1 b5 26. Qe2 Rac8 27. c4 bxc4 28. Rxc4 Rxc4 29. Qxc4 Qe6 30. Qc5 e4 31. a4 Rc8 32. Qa7 Qc6 33. Qd4 Qxa4 1/2-1/2

[Event "Santiago magistral 3rd"]
[Site "Santiago de Chile"]
[Date "1996.??.??"]
[Round "?"]
[White "Celis, Gustavo"]
[Black "Robledo, Nestor Daniel"]
[Result "0-1"]
[WhiteElo "2410"]
[BlackElo "2270"]
[PlyCount "60"]
[EventDate "1996.??.??"]
[EventType "tourn"]
[EventRounds "14"]
[EventCountry "CHI"]
[EventCategory "4"]
[SourceTitle "EXT 2001"]
[Source "ChessBase"]
[SourceDate "2000.11.22"]
[SourceVersion "1"]
[SourceVersionDate "2000.11.22"]
[SourceQuality "1"]

1. e4 c5 2. Nf3 Nc6 3. d4 cxd4 4. Nxd4 g6 5. Nc3 Bg7 6. Be3 Nf6 7. Bc4 0-0 8. Bb3 d6 9. f3 Bd7 10. Qd2 Nxd4 11. Bxd4 b5 12. h4 a5 13. h5 e5 14. Be3 a4 15. Bd5 b4 16. Ne2 Nxd5 17. Qxd5 Be6 18. Qd2 d5 19. hxg6 fxg6 20. Qxb4 Rb8 21. Qxa4 d4 22. Bh6 Bxh6 23. Rxh6 Qg5 24. Qc6 Bf7 25. Rh2 Rfc8 26. Qd6 Rxb2 27. Rc1 Rcxc2 28. Rxc2 Rxc2 29. f4 Rxe2+ 30. Kxe2 Bc4+ 0-1

[Event "Santiago magistral 3rd"]
[Site "Santiago de Chile"]
[Date "1996.??.??"]
[Round "?"]
[White "Minzer, Claudio Javier"]
[Black "Celis, Gustavo"]
[Result "1/2-1/2"]
[WhiteElo "2370"]
[BlackElo "2410"]
[PlyCount "85"]
[EventDate "1996.??.??"]
[EventType "tourn"]
[EventRounds "14"]
[EventCountry "CHI"]
[EventCategory "4"]
[SourceTitle "EXT 2001"]
[Source "ChessBase"]
[SourceDate "2000.11.22"]
[SourceVersion "1"]
[SourceVersionDate "2000.11.22"]
[SourceQuality "1"]

1. e4 e5 2. Nf3 Nf6 3. Nxe5 d6 4. Nf3 Nxe4 5. Qe2 Qe7 6. d3 Nf6 7. Bg5 Nbd7 8. Nc3 Qxe2+ 9. Bxe2 Be7 10. 0-0-0 h6 11. Bh4 Nb6 12. Rhe1 Bd7 13. Nd4 0-0-0 14. f4 Rde8 15. Bf3 Nfd5 16. Bxe7 Nxe7 17. Kd2 Nc6 18. Nxc6 Bxc6 19. Bxc6 bxc6 20. Ne4 Kd7 21. c4 Re7 22. Ng3 Nc8 23. Rf1 f6 24. f5 c5 25. Nh5 Rf7 26. Kc3 Re8 27. Rde1 Rxe1 28. Rxe1 Ne7 29. g4 g6 30. fxg6 Nxg6 31. Rf1 Ke6 32. Ng3 Ne7 33. Re1+ Kd7 34. Rf1 Ke6 35. Nf5 Nxf5 36. Rxf5 Rg7 37. h3 Rg5 38. Rf3 h5 39. gxh5 Rxh5 40. Re3+ Kd7 41. b3 Rh4 42. Kd2 f5 43. Kc3 1/2-1/2

[Event "Villa Ballester Siembra op"]
[Site "Villa Ballester"]
[Date "1996.??.??"]
[Round "8"]
[White "Rodriguez Vila, Andres"]
[Black "Celis, Gustavo"]
[Result "1-0"]
[WhiteElo "2575"]
[BlackElo "2410"]
[PlyCount "89"]
[EventDate "1996.??.??"]
[EventType "swiss"]
[EventRounds "9"]
[EventCountry "ARG"]
[SourceTitle "CBM 051 Extra"]
[Source "ChessBase"]
[SourceDate "1996.05.01"]
[SourceVersion "1"]
[SourceVersionDate "1996.05.01"]
[SourceQuality "1"]

1. e4 c5 2. Nf3 Nc6 3. d4 cxd4 4. Nxd4 Nf6 5. Nc3 e5 6. Ndb5 d6 7. Bg5 a6 8. Na3 b5 9. Bxf6 gxf6 10. Nd5 f5 11. c3 Bg7 12. exf5 Bxf5 13. Nc2 Be6 14. g3 0-0 15. Bg2 f5 16. a4 bxa4 17. Rxa4 e4 18. Nf4 Bb3 19. Ra3 Bf7 20. Ne3 Ne7 21. Bh3 Qb6 22. 0-0 d5 23. Nfxd5 Nxd5 24. Nxd5 Qb7 25. Ra5 Rad8 26. c4 f4 27. Qe2 fxg3 28. hxg3 Rfe8 29. Rd1 Kh8 30. Rd2 Bh6 31. Ne3 Qb6 32. Rf5 Rxd2 33. Qxd2 Rd8 34. Qc3+ Bg7 35. c5 Qc7 36. Qb4 Rd4 37. Qb6 Qxb6 38. cxb6 Be6 39. Rc5 Bxh3 40. b7 Rd8 41. g4 Rg8 42. Kh2 Bxb2 43. Kxh3 Bd4 44. Rc8 Be5 45. Nf5 1-0

[Event "Buenos Aires CC Jaque Mate 68 ann"]
[Site "Buenos Aires"]
[Date "1995.??.??"]
[Round "4"]
[White "Celis, Gustavo"]
[Black "Dolezal, Cristian"]
[Result "1/2-1/2"]
[WhiteElo "2335"]
[BlackElo "2290"]
[PlyCount "50"]
[EventDate "1995.??.??"]
[EventType "tourn"]
[EventRounds "15"]
[EventCountry "ARG"]
[SourceTitle "EXT 2004"]
[Source "ChessBase"]
[SourceDate "2003.11.25"]
[SourceVersion "1"]
[SourceVersionDate "2003.11.25"]
[SourceQuality "1"]

1. e4 e6 2. d4 d5 3. Nd2 Nf6 4. e5 Ne4 5. Bd3 Nxd2 6. Bxd2 b6 7. Qe2 a5 8. Nh3 Ba6 9. Bxa6 Nxa6 10. 0-0 c6 11. Nf4 Be7 12. c4 Nc7 13. Rac1 Qd7 14. Rc3 g6 15. Rfc1 0-0 16. cxd5 Nxd5 17. Rxc6 Nxf4 18. Bxf4 Bc5 19. Bh6 Qxc6 20. Bxf8 Kxf8 21. dxc5 bxc5 22. Qc4 Rc8 23. Rd1 Qb6 24. Qh4 Kg8 25. b3 Qb4 1/2-1/2

[Event "Buenos Aires JM ITT1"]
[Site "Buenos Aires"]
[Date "1995.??.??"]
[Round "?"]
[White "Celis, Gustavo"]
[Black "Garbarino, Rodolfo"]
[Result "1/2-1/2"]
[WhiteElo "2335"]
[BlackElo "2420"]
[PlyCount "51"]
[EventDate "1995.01.??"]
[EventType "tourn"]
[EventRounds "14"]
[EventCountry "ARG"]
[EventCategory "4"]
[SourceTitle "EXT 2002"]
[Source "ChessBase"]
[SourceDate "2001.11.25"]
[SourceVersion "1"]
[SourceVersionDate "2001.11.25"]
[SourceQuality "1"]

1. Nf3 d5 2. d4 Nf6 3. c4 e6 4. Nc3 Nbd7 5. cxd5 exd5 6. Bg5 Be7 7. e3 0-0 8. Qc2 c6 9. Bd3 Re8 10. 0-0 Nf8 11. h3 g6 12. Ne5 Ne6 13. Bh6 Ng7 14. g4 Nd7 15. f4 Bd6 16. Qf2 f6 17. Ne4 dxe4 18. Bc4+ Ne6 19. Nxd7 Bxd7 20. f5 gxf5 21. gxf5 Kh8 22. fxe6 Bxe6 23. Qxf6+ Qxf6 24. Rxf6 Rg8+ 25. Kh1 Bxc4 26. Rxd6 1/2-1/2

[Event "Buenos Aires JM ITT1"]
[Site "Buenos Aires"]
[Date "1995.??.??"]
[Round "?"]
[White "Celis, Gustavo"]
[Black "Roca, Alfredo Cristian"]
[Result "1/2-1/2"]
[WhiteElo "2335"]
[BlackElo "2415"]
[PlyCount "101"]
[EventDate "1995.01.??"]
[EventType "tourn"]
[EventRounds "14"]
[EventCountry "ARG"]
[EventCategory "4"]
[SourceTitle "EXT 2002"]
[Source "ChessBase"]
[SourceDate "2001.11.25"]
[SourceVersion "1"]
[SourceVersionDate "2001.11.25"]
[SourceQuality "1"]

1. e4 e6 2. d4 d5 3. Nd2 a6 4. Ngf3 c5 5. exd5 exd5 6. Be2 Nf6 7. 0-0 Be7 8. dxc5 Bxc5 9. Nb3 Bb6 10. c3 0-0 11. Bg5 Re8 12. Bd3 h6 13. Bh4 Nc6 14. Bc2 g5 15. Bg3 Ne4 16. Nfd4 Qf6 17. Re1 Bd7 18. Bxe4 dxe4 19. Nc2 Rad8 20. Qe2 Qg6 21. Ne3 Be6 22. Rad1 f5 23. Nc4 Bxc4 24. Qxc4+ Qf7 25. Qxf7+ Kxf7 26. Bd6 Ne5 27. Bxe5 Rxe5 28. Rxd8 Bxd8 29. Rd1 Ke7 30. Kf1 Bb6 31. c4 e3 32. fxe3 Bxe3 33. Nd2 Bc5 34. a3 Re3 35. Re1 Rxe1+ 36. Kxe1 Bd4 37. b4 Bb2 38. Nb1 Ke6 39. Kd2 Ke5 40. Kc2 Bd4 41. Kd3 Bg1 42. Nd2 g4 43. h3 gxh3 44. gxh3 Kf4 45. Ke2 Be3 46. Nb3 Bb6 47. c5 Bd8 48. c6 bxc6 49. Nd4 Bf6 50. Nxc6 Kg3 51. Kf1 1/2-1/2

[Event "Buenos Aires JM ITT1"]
[Site "Buenos Aires"]
[Date "1995.??.??"]
[Round "?"]
[White "Curi, Gabriel"]
[Black "Celis, Gustavo"]
[Result "1-0"]
[WhiteElo "2260"]
[BlackElo "2335"]
[PlyCount "103"]
[EventDate "1995.01.??"]
[EventType "tourn"]
[EventRounds "14"]
[EventCountry "ARG"]
[EventCategory "4"]
[SourceTitle "EXT 2002"]
[Source "ChessBase"]
[SourceDate "2001.11.25"]
[SourceVersion "1"]
[SourceVersionDate "2001.11.25"]
[SourceQuality "1"]

1. d4 Nf6 2. c4 g6 3. Nc3 Bg7 4. e4 d6 5. Be2 0-0 6. Bg5 Nbd7 7. Qc2 e5 8. d5 h6 9. Be3 c6 10. h4 h5 11. Nh3 cxd5 12. cxd5 a6 13. Ng5 b5 14. a4 b4 15. Na2 Rb8 16. Nc1 Bb7 17. Nb3 Rc8 18. Qd2 Nc5 19. Nxc5 dxc5 20. Rc1 Qa5 21. b3 Rfd8 22. Qc2 Bf8 23. f3 Bd6 24. Bc4 Qc7 25. Qf2 Qe7 26. Rc2 Kg7 27. 0-0 Rc7 28. Rfc1 Rdc8 29. Qf1 Ra8 30. Be2 a5 31. Bb5 Nh7 32. Qf2 Rac8 33. Qe2 Ra8 34. Bd3 Nf6 35. Kh1 Nh7 36. Rf1 Nxg5 37. Bxg5 f6 38. Bc1 f5 39. Bg5 Qf7 40. f4 Re8 41. Bb5 exf4 42. Bxe8 Qxe8 43. Bxf4 Bxf4 44. Rxf4 Qe5 45. Qf2 fxe4 46. Rxc5 Bxd5 47. Rxe4 Qxe4 48. Rxc7+ Kg8 49. Rc8+ Kh7 50. Qa7+ Bb7 51. Rc7+ Kh6 52. Qf2 1-0

[Event "Buenos Aires JM ITT1"]
[Site "Buenos Aires"]
[Date "1995.??.??"]
[Round "?"]
[White "Fabrega, Enrique"]
[Black "Celis, Gustavo"]
[Result "1/2-1/2"]
[WhiteElo "2275"]
[BlackElo "2335"]
[PlyCount "123"]
[EventDate "1995.01.??"]
[EventType "tourn"]
[EventRounds "14"]
[EventCountry "ARG"]
[EventCategory "4"]
[SourceTitle "EXT 2002"]
[Source "ChessBase"]
[SourceDate "2001.11.25"]
[SourceVersion "1"]
[SourceVersionDate "2001.11.25"]
[SourceQuality "1"]

1. d4 Nf6 2. c4 c5 3. d5 b5 4. cxb5 a6 5. bxa6 Bxa6 6. Nc3 d6 7. g3 g6 8. Bg2 Bg7 9. Nh3 Nbd7 10. 0-0 0-0 11. Re1 Qa5 12. Bd2 Rfb8 13. Ne4 Qd8 14. Bc3 Nxe4 15. Bxe4 Bxc3 16. bxc3 Nf6 17. Bf3 Qd7 18. Nf4 Bc4 19. Qd2 Ra6 20. e4 Ng4 21. Be2 Ne5 22. Kg2 Bxe2 23. Nxe2 Qg4 24. Ng1 c4 25. h3 Qc8 26. Reb1 Rxb1 27. Rxb1 Qa8 28. Ra1 Nd3 29. Ne2 Nc5 30. Qc2 Nb3 31. Rb1 Rxa2 32. Rb2 Ra3 33. g4 Nc5 34. Qb1 Rb3 35. Ra2 Qb7 36. Qc2 Nd3 37. Qd2 Rb1 38. Nd4 e5 39. Nc6 Nf4+ 40. Kh2 Kg7 41. Nb4 Qe7 42. Qe3 Rf1 43. Nc6 Qf6 44. Na5 Nd3 45. Nxc4 Ne1 46. f4 exf4 47. Qe2 Nf3+ 48. Kg2 Rg1+ 49. Kxf3 Qxc3+ 50. Ne3 Rg3+ 51. Kf2 Rxh3 52. Nf1 Qd4+ 53. Ke1 Rb3 54. Qc2 Qb4+ 55. Nd2 Rc3 56. Qb2 Qd4 57. Nb1 Qg1+ 58. Kd2 Qd4+ 59. Ke1 Qg1+ 60. Kd2 Qe3+ 61. Kd1 Qg1+ 62. Kd2 1/2-1/2

[Event "Villa Ballester op 45th"]
[Site "Villa Ballester"]
[Date "1995.??.??"]
[Round "?"]
[White "Hoffman, Alejandro"]
[Black "Celis, Gustavo"]
[Result "1/2-1/2"]
[WhiteElo "2515"]
[BlackElo "2335"]
[PlyCount "68"]
[EventDate "1995.01.??"]
[EventType "swiss"]
[EventRounds "7"]
[EventCountry "ARG"]
[SourceTitle "EXT 2002"]
[Source "ChessBase"]
[SourceDate "2001.11.25"]
[SourceVersion "1"]
[SourceVersionDate "2001.11.25"]
[SourceQuality "1"]

1. d4 Nf6 2. c4 g6 3. Nc3 Bg7 4. e4 d6 5. Nf3 0-0 6. Be2 e5 7. d5 a5 8. Bg5 h6 9. Bh4 Na6 10. 0-0 g5 11. Bg3 Nxe4 12. Nxe4 f5 13. Nc3 f4 14. Nd2 Nc5 15. Nde4 fxg3 16. hxg3 Nxe4 17. Nxe4 Bf5 18. Bd3 g4 19. Nc3 Qg5 20. Bxf5 Qxf5 21. Qb1 e4 22. Qxe4 Qxe4 23. Nxe4 Bxb2 24. Rab1 Bd4 25. Rfd1 Bb6 26. c5 dxc5 27. d6 Rae8 28. dxc7 Bxc7 29. Rxb7 Rxe4 30. Rxc7 Re2 31. a4 Ra2 32. Rdd7 Rfxf2 33. Rd8+ Rf8 34. Rdd7 Rff2 1/2-1/2

[Event "Buenos Aires CC Jaque Mate op"]
[Site "Buenos Aires"]
[Date "1995.??.??"]
[Round "?"]
[White "Juarez, Alberto"]
[Black "Celis, Gustavo"]
[Result "1/2-1/2"]
[WhiteElo "2295"]
[BlackElo "2335"]
[PlyCount "62"]
[EventDate "1995.??.??"]
[EventType "swiss"]
[EventRounds "7"]
[EventCountry "ARG"]
[SourceTitle "EXT 2004"]
[Source "ChessBase"]
[SourceDate "2003.11.25"]
[SourceVersion "1"]
[SourceVersionDate "2003.11.25"]
[SourceQuality "1"]

1. e4 c5 2. Nf3 d6 3. d4 cxd4 4. Nxd4 Nf6 5. Nc3 a6 6. f4 e6 7. Be3 b5 8. a3 Bb7 9. Bd3 Nbd7 10. Qf3 h5 11. h3 Rc8 12. Nde2 Be7 13. 0-0 Qc7 14. Rad1 Nc5 15. b4 Ncd7 16. Qf2 Qb8 17. Bd4 Rg8 18. Qg3 h4 19. Qxh4 Nxe4 20. Qe1 Qa8 21. Nxe4 Bxe4 22. Qg3 Bf6 23. Bxf6 Nxf6 24. Kh2 Bxd3 25. cxd3 Qd5 26. Rc1 Ke7 27. Qe3 Qb7 28. Nd4 Qd5 29. Nf3 Qb7 30. Nd4 Qd5 31. Nf3 Qb7 1/2-1/2

[Event "Lomas de Zamora op"]
[Site "Lomas de Zamora"]
[Date "1995.??.??"]
[Round "3"]
[White "Malbran, Guillermo"]
[Black "Celis, Gustavo"]
[Result "1-0"]
[WhiteElo "2335"]
[BlackElo "2335"]
[PlyCount "105"]
[EventDate "1995.??.??"]
[EventType "swiss"]
[EventRounds "9"]
[EventCountry "ARG"]
[SourceTitle "EXT 2004"]
[Source "ChessBase"]
[SourceDate "2003.11.25"]
[SourceVersion "1"]
[SourceVersionDate "2003.11.25"]
[SourceQuality "1"]

1. e4 d6 2. d4 Nf6 3. Nc3 g6 4. Nf3 Bg7 5. h3 0-0 6. Be3 e5 7. dxe5 dxe5 8. Qxd8 Rxd8 9. Bc4 Ne8 10. 0-0 h6 11. Rfd1 Nc6 12. Bd5 Be6 13. Bxc6 Rxd1+ 14. Rxd1 bxc6 15. Na4 f6 16. Nc5 Kf7 17. Nxe6 Kxe6 18. Nh4 g5 19. Nf5 Bf8 20. g4 Nd6 21. f3 Nc4 22. Bc1 Bd6 23. Kf2 Rh8 24. Rd3 c5 25. Rc3 Nb6 26. Ra3 Nc8 27. Ra6 Kd7 28. Be3 h5 29. Kg2 hxg4 30. hxg4 Rf8 31. Ra3 Kc6 32. Bf2 Rh8 33. Ne3 Rh6 34. Nd5 Nb6 35. Ne3 Kb7 36. Rd3 Kc6 37. c4 Rh8 38. b3 Ra8 39. Nd5 Rf8 40. Rd1 Nxd5 41. cxd5+ Kb5 42. Rc1 a5 43. Rc4 Ra8 44. a4+ Kb6 45. Rc1 Rb8 46. Be3 Rh8 47. Rh1 Rxh1 48. Kxh1 Be7 49. Kg2 Bd6 50. Kf2 Be7 51. Ke2 Bd6 52. Kd3 Be7 53. Kc4 1-0

[Event "Buenos Aires VII Najdorf op"]
[Site "Buenos Aires"]
[Date "1995.??.??"]
[Round "8"]
[White "Roman, Facundo"]
[Black "Celis, Gustavo"]
[Result "1/2-1/2"]
[WhiteElo "2305"]
[BlackElo "2360"]
[PlyCount "86"]
[EventDate "1995.??.??"]
[EventType "swiss"]
[EventRounds "9"]
[EventCountry "ARG"]
[SourceTitle "EXT 1997"]
[Source "ChessBase"]
[SourceDate "1996.11.15"]
[SourceVersion "1"]
[SourceVersionDate "1996.11.15"]
[SourceQuality "1"]

1. e4 e5 2. Nf3 Nf6 3. d4 Nxe4 4. Nxe5 d6 5. Nd3 Be7 6. c4 0-0 7. Be2 Bf6 8. Be3 d5 9. cxd5 Qxd5 10. 0-0 Nc6 11. Nc3 Nxc3 12. bxc3 Bf5 13. Nc5 b6 14. Bf3 Qd6 15. Qa4 bxc5 16. dxc5 Qe6 17. Bxc6 Bc2 18. Qxc2 Qxc6 19. Rad1 Rab8 20. Rfe1 Rb5 21. Bd4 Ra5 22. Rd2 Qa6 23. g3 g6 24. Qd3 Bxd4 25. cxd4 Rxa2 26. Qxa6 Rxa6 27. Re7 Rc6 28. Rd7 a5 29. Rc2 Rc8 30. d5 Ra6 31. Ra2 a4 32. Ra3 Ra5 33. d6 cxd6 34. Rxd6 Rcxc5 35. Rd4 Rc1+ 36. Kg2 Re5 37. Rdxa4 Ree1 38. h4 Rg1+ 39. Kf3 h6 40. Ra7 Rgd1 41. Re3 Rd6 42. Kg2 Rf6 43. Rf3 Kg7 1/2-1/2

[Event "Buenos Aires CC Jaque Mate 68 ann"]
[Site "Buenos Aires"]
[Date "1995.??.??"]
[Round "5"]
[White "Soppe, Guillermo"]
[Black "Celis, Gustavo"]
[Result "1-0"]
[WhiteElo "2455"]
[BlackElo "2335"]
[PlyCount "57"]
[EventDate "1995.??.??"]
[EventType "tourn"]
[EventRounds "15"]
[EventCountry "ARG"]
[SourceTitle "EXT 2004"]
[Source "ChessBase"]
[SourceDate "2003.11.25"]
[SourceVersion "1"]
[SourceVersionDate "2003.11.25"]
[SourceQuality "1"]

1. d4 Nf6 2. c4 g6 3. Nc3 Bg7 4. e4 d6 5. Bd3 0-0 6. Nge2 c5 7. d5 e6 8. f3 exd5 9. cxd5 Na6 10. 0-0 Nc7 11. Bg5 h6 12. Bh4 g5 13. Bf2 Re8 14. Qd2 Bd7 15. a3 Qe7 16. b4 b6 17. Rab1 Nh5 18. bxc5 bxc5 19. Nd1 Rab8 20. Ne3 Nb5 21. Nc4 Nd4 22. Nxd4 cxd4 23. g3 Bh3 24. Rfe1 Qf6 25. Rxb8 Rxb8 26. Qd1 Kh8 27. f4 Nxf4 28. gxf4 gxf4 29. Qh5 1-0

[Event "Buenos Aires CC Jaque Mate 68 ann"]
[Site "Buenos Aires"]
[Date "1995.??.??"]
[Round "11"]
[White "Toloza Soto, Pablo Alejandro"]
[Black "Celis, Gustavo"]
[Result "1/2-1/2"]
[WhiteElo "2230"]
[BlackElo "2335"]
[PlyCount "37"]
[EventDate "1995.??.??"]
[EventType "tourn"]
[EventRounds "15"]
[EventCountry "ARG"]
[SourceTitle "EXT 2004"]
[Source "ChessBase"]
[SourceDate "2003.11.25"]
[SourceVersion "1"]
[SourceVersionDate "2003.11.25"]
[SourceQuality "1"]

1. d4 Nf6 2. c4 g6 3. Nc3 Bg7 4. e4 d6 5. Bd3 0-0 6. Nge2 e5 7. d5 Nh5 8. 0-0 f5 9. exf5 gxf5 10. f4 Nd7 11. Bc2 Nxf4 12. Nxf4 exf4 13. Bxf4 Ne5 14. Qe2 Bd7 15. Rae1 Qe8 16. c5 a6 17. Qf2 Qg6 18. cxd6 cxd6 19. Qb6 1/2-1/2

[Event "Buenos Aires PRENAJ"]
[Site "Buenos Aires"]
[Date "1994.??.??"]
[Round "9"]
[White "Escobar, Telmo Carlos"]
[Black "Celis, Gustavo"]
[Result "1/2-1/2"]
[WhiteElo "2255"]
[BlackElo "2345"]
[PlyCount "105"]
[EventDate "1994.??.??"]
[EventType "swiss"]
[EventRounds "11"]
[EventCountry "ARG"]
[SourceTitle "EXT 1997"]
[Source "ChessBase"]
[SourceDate "1996.11.15"]
[SourceVersion "1"]
[SourceVersionDate "1996.11.15"]
[SourceQuality "1"]

1. e4 c6 2. d4 d5 3. Nc3 dxe4 4. Nxe4 Bf5 5. Ng3 Bg6 6. h4 h6 7. Nf3 Nd7 8. h5 Bh7 9. Bd3 Bxd3 10. Qxd3 e6 11. Bd2 Ngf6 12. 0-0-0 Be7 13. Kb1 0-0 14. Qe2 a5 15. Ne4 a4 16. g4 Nxe4 17. Qxe4 a3 18. b3 Nf6 19. Qe2 Qd5 20. Rde1 Nxg4 21. Rhg1 f5 22. Qxe6+ Qxe6 23. Rxe6 Bf6 24. Re2 Rfe8 25. Rge1 Rxe2 26. Rxe2 Rd8 27. c3 c5 28. Bc1 cxd4 29. cxd4 Bxd4 30. Nxd4 Rxd4 31. Bxa3 Rd7 32. Bc5 Nf6 33. Re5 Nxh5 34. Rxf5 Nf6 35. a4 h5 36. Kc2 h4 37. Be3 Rd5 38. Rxd5 Nxd5 39. Bd4 g5 40. f3 h3 41. Bg1 Ne3+ 42. Kd3 Nf1 43. Ke2 h2 44. Bxh2 Nxh2 45. a5 Kf7 46. b4 Ke6 47. b5 Kd6 48. a6 bxa6 49. bxa6 Kc6 50. Kf2 Nxf3 51. Kxf3 Kb6 52. Kg4 Kxa6 53. Kxg5 1/2-1/2

[Event "Mar del Plata op"]
[Site "Mar del Plata"]
[Date "1994.??.??"]
[Round "3"]
[White "Palma de Haro, Martin A"]
[Black "Celis, Gustavo"]
[Result "1/2-1/2"]
[WhiteElo "2210"]
[BlackElo "2345"]
[PlyCount "92"]
[EventDate "1994.04.??"]
[EventType "swiss"]
[EventRounds "9"]
[EventCountry "ARG"]
[SourceTitle "EXT 1997"]
[Source "ChessBase"]
[SourceDate "1996.11.15"]
[SourceVersion "1"]
[SourceVersionDate "1996.11.15"]
[SourceQuality "1"]

1. e4 c5 2. c3 d6 3. d4 Nf6 4. dxc5 Nc6 5. Nf3 Nxe4 6. cxd6 Nxd6 7. Bf4 g6 8. Na3 Bg7 9. Nc4 0-0 10. Nxd6 exd6 11. Be2 Qb6 12. Qb3 Qxb3 13. axb3 Re8 14. Kd2 Be6 15. b4 a5 16. b5 Ne5 17. Rhe1 a4 18. Nd4 Bd5 19. Bf1 Rec8 20. b6 Bc4 21. Nb5 Bxf1 22. Rxf1 Nc4+ 23. Kc2 d5 24. Rfd1 Nxb6 25. Be3 Nc4 26. Rxd5 Nxe3+ 27. fxe3 Bh6 28. e4 Bf4 29. h3 Re8 30. Kd3 f5 31. exf5 Re3+ 32. Kd4 Re2 33. fxg6 hxg6 34. b3 Rd2+ 35. Kc4 Rc8+ 36. Rc5 Rxc5+ 37. Kxc5 axb3 38. Rb1 b2 39. g4 Be3+ 40. Kc4 Rh2 41. Kb3 Bc1 42. Nd6 Rxh3 43. Nc4 Rg3 44. Nxb2 Bxb2 45. Kxb2 Rxg4 46. Kc2 Kf8 1/2-1/2

[Event "Mar del Plata op"]
[Site "Mar del Plata"]
[Date "1994.??.??"]
[Round "7"]
[White "Paz, Victor Jorge"]
[Black "Celis, Gustavo"]
[Result "1-0"]
[WhiteElo "2240"]
[BlackElo "2345"]
[PlyCount "93"]
[EventDate "1994.04.??"]
[EventType "swiss"]
[EventRounds "9"]
[EventCountry "ARG"]
[SourceTitle "EXT 1997"]
[Source "ChessBase"]
[SourceDate "1996.11.15"]
[SourceVersion "1"]
[SourceVersionDate "1996.11.15"]
[SourceQuality "1"]

1. c4 Nf6 2. Nc3 e6 3. e4 e5 4. g3 Bc5 5. Bg2 Nc6 6. Nf3 d6 7. h3 0-0 8. d3 h6 9. 0-0 a6 10. Kh2 Be6 11. a3 Ne7 12. b3 Ba7 13. d4 Ng6 14. Be3 c6 15. Qc2 Qc7 16. Rac1 Qa5 17. b4 Qc7 18. Qe2 Qe7 19. Rfd1 b5 20. d5 Bxe3 21. Qxe3 cxd5 22. exd5 Bg4 23. c5 Rac8 24. Kg1 Bxf3 25. Bxf3 Qa7 26. c6 Qc7 27. Ra1 Ne7 28. g4 Qb8 29. a4 bxa4 30. Rxa4 Ne8 31. Be2 Nc7 32. Bxa6 Nxa6 33. Rxa6 Qxb4 34. Rda1 Qb3 35. Rb1 Qc2 36. Ra2 Qg6 37. Rb7 Nxc6 38. dxc6 Rxc6 39. Nd5 Qe6 40. Ne7+ Kh8 41. Rab2 Rc4 42. Nf5 Rfc8 43. Rb8 Rxb8 44. Rxb8+ Kh7 45. Rb6 Qc8 46. Rxd6 Rf4 47. Qxe5 1-0